000 00807nab a2200253 u 4500
001 20287
003 HDC
007 cr bn ---aaaaa
008 210304c20110205xx dr|noo 0 a eng d
040 _aHDC
245 0 _aUAE: Demand for halal products on the rise
260 _a[No place] :
_b[publisher not identified],
_c2011
300 _a1 online resource
336 _atext
_2rdacontent
337 _acomputer
_2rdamedia
338 _aonline resource
_2rdacarrier
650 _aHalal industry
_9144
650 _ahalal products
_9642
710 _aHalal Focus
856 _zRequest full-text at [email protected]
942 _2lcc
942 _cNEWS
942 _kNWSO 006378
999 _c17603
_d17603